Wellington Railway Stations Picture Quiz - Statistics

General Stats
  • This quiz has been taken 66 times
  • The average score is 5 of 10
Answer Stats
Picture Answer % Correct
Wellington
88%
Melling
70%
Upper Hutt
63%
Paekakariki
47%
Waterloo
47%
Petone
40%
Johnsonville
32%
Masterton
26%
Manor Park
23%
Tawa
19%
No matching quizzes found
Score Distribution
Percent of People with Each Score
Percentile by Number Answered
Your Score History
You have not taken this quiz